Bilecik Bilecik Bilecik Bilecik Bilecik

Sosyal güvenlik hukuku dersleri/ (Record no. 12435)

MARC details
000 -BAŞLIK
Sabit Uzunluktaki Kontrol Alanı 01210nam a22003977a 4500
001 - KONTROL NUMARASI
Control Dosyası 0012466
003 - KONTROL NUMARASI KİMLİĞİ
Kontrol Alanı KOHA_MİRAKIL
005 - EN SON İŞLEM TARİHİ ve ZAMANI
Kontrol Alanı 20260207001852.0
007 - FİZİKSEL TANIM SABİT ALAN - GENEL BİLGİ
Sabit uzunluklu kontrol alanı ta
008 - SABİT UZUNLUKTAKİ VERİ ÖGELERİ - GENEL BİLGİ
Sabit Alan 100126b2000 tu |||gr||||#||||0|tur |
020 ## - ISBN - ULUSLARARASI STANDART KİTAP NUMARASI
Isbn 975486395
040 ## - KATALOGLAMA KAYNAĞI
Özgün Kataloglama Kurumu TR-BiSEU
Kataloglama Dili tur
Çeviri Kurumu TR-BiSEU
Açıklama Kuralları rda
041 0# - DİL KODU
Metin ya da ses kaydının dil kodu tur
044 ## - YAYINLAYAN/ÜRETEN KURULUŞUN ÜLKE KODU
ISO country code tu
050 ## - SINIFLAMA ve YER NUMARASI
Sınıflama Numarası KKX1472
Yer Numarası .T86 2000
100 1# - KİŞİ ADI
Yazar Adı (Kişi adı) Tuncay, A. Can.
245 1# - ESER ADI BİLDİRİMİ
Başlık Sosyal güvenlik hukuku dersleri/
Sorumluluk Bildirimi A. Can Tuncay ; A. Can Tuncay.
250 ## - BASIM BİLDİRİMİ
Basım Bildirimi 8. bs.
264 #1 - ÜRERİM, YAYIN, DAĞITIM ve TELİF BİLDİRİMİ
Yayın yeri İstanbul :
Yayınlayan Beta Basım Yayım Dağıtım A.Ş.
Yayın tarihi 2000
300 ## - FİZİKSEL TANIMLAMA
Sayfa, Cilt vb. xxvi, 452 sayfa; 25 cm.
336 ## - İÇERİK TÜRÜ
Content type term metin
Content type code txt
Source rdacontent
337 ## - MEDYA TÜRÜ
Media type term aracısız
Media type code n
Source rdamedia
338 ## - TAŞIYICI TÜRÜ
Carrier type term cilt
Carrier type code nc
Source rdacarrier
490 1# - DİZİ BİLDİRİMİ
Dizi Bildirimi Beta Basım Yayım Dağıtım A.Ş.
490 1# - DİZİ BİLDİRİMİ
Dizi Bildirimi ;
Cilt Numarası yayın no: 499.
490 1# - DİZİ BİLDİRİMİ
Dizi Bildirimi Hukuk dz.: 216.
500 ## - GENEL NOT
Genel Not Kaynakça ve dizin var.
650 #0 - KONU BAŞLIĞI EK GİRİŞ - KONU TERİMİ
Konusal terim veya coğrafi ad Law--Turkey.
9 (RLIN) 4193
650 #0 - KONU BAŞLIĞI EK GİRİŞ - KONU TERİMİ
Konusal terim veya coğrafi ad Social security--Turkey.
9 (RLIN) 6596
650 #0 - KONU BAŞLIĞI EK GİRİŞ - KONU TERİMİ
Konusal terim veya coğrafi ad Hukuk--Türkiye.
9 (RLIN) 4192
650 #0 - KONU BAŞLIĞI EK GİRİŞ - KONU TERİMİ
Konusal terim veya coğrafi ad Sosyal güvenlik--Türkiye.
9 (RLIN) 6598
830 1# - SERİ EK GİRİŞİ - TEKBİÇİM ESER ADI
Tekbiçim Başlık Beta Basım Yayım Dağıtım A.Ş.
9 (RLIN) 10170
830 1# - SERİ EK GİRİŞİ - TEKBİÇİM ESER ADI
Tekbiçim Başlık ;
Volume number/sequential designation yayın no: 499.
9 (RLIN) 1620
830 1# - SERİ EK GİRİŞİ - TEKBİÇİM ESER ADI
Tekbiçim Başlık Hukuk dz.: 216.
9 (RLIN) 30100
942 ## - EK GİRİŞ ÖGELERİ (KOHA)
Source of classification or shelving scheme Library of Congress Classification
Koha item type Book
Holdings
Materyal Türü Kalıcı Konum Mevcut Konum Raf Yeri Sınıflandırma Kaynağı Edinim Bilgisi Ana Konular Alt Konular Yer Numarası Demirbaş Numarası Fatura Tarihi Maliyet, Alış Fiyatı Maliyet, Yenileme Fiyatı Geri Çekilme Durumu Kayıp Durumu Hasarlı Durumu Kredi için değil Kayıt Tarih Toplam Ödünçverme Son Görülme Tarihi Son Kontrol Tarihi Genel / Bağış Notu
Book Prof. Dr. Azmi Özcan Kütüphanesi Prof. Dr. Azmi Özcan Kütüphanesi Uluğbey Salonu Library of Congress Classification Bağış HUKUK Türkiye Hukuku KKX1472 .T86 2000 0012466 13/08/2010 4.00 4.00         26/01/2010 1 05/12/2024 05/12/2024 Genel Bağış